000 00736nam a2200217Ia 4500
003 GCL
008 140319s9999 xx 000 0 ara d
040 _aGCL /
_cGCL
082 0 4 _a811.1
_bف ش
100 1 _aفوزى محمد امين
245 1 0 _aشعر بشربن ابى خازم الاسدى: روية تاريخية وفنية /
_cفوزى محمد امين
260 _a[S.N] :
_bمنشاة المعارف الاسلامية ،
_c1988
300 _a218 ص
490 _aسلسلة كتب الادب والنقد
_v0
650 0 4 _aالشعر العربى
650 0 4 _aالادب العربى
650 0 4 _aالعصر الجاهلى
650 0 4 _aتاريخ ونقد
650 0 4 _aالمجموعات
942 _2ddc
_cBK
999 _c32324
_d32324